000 00344nam a2200133Ia 4500
008 230917s9999||||xx |||||||||||||| ||und||
040 _e89602
_aMAIN
041 _aEnglish
082 _a370.153 V59S
100 _aVerma, Neena
245 0 _aStudy of effects of anxiety and intelligence on academic achievement
300 _a58 p.
942 _cTH
999 _c74742
_d74742